Geography Quiz

Random Geography or City Quiz

Largest US Cities Ending in R Quiz Stats

Quiz not verified by Sporcle

Challenge
Share
Tweet
Embed
Score 0/32 Timer 10:00
0 Plays Today
Population City % Correct
682,545Denver
99.6%
209,802Rochester
91.1%
112,225Rochester
91.1%
184,815Worcester
85.5%
58,241Manchester
79.3%
260,828Chandler
78.2%
110,229Manchester
76.6%
107,349Boulder
69%
117,070Ann Arbor
67.3%
172,860Vancouver
60.1%
60,086Casper
57.3%
113,130Westminster
54.4%
89,701Westminster
54.4%
161,103Lancaster
51.6%
103,700Tyler
47.2%
88,857Fall River
44%
Population City % Correct
81,619Hoover
44%
76,122Decatur
42.7%
55,683Decatur
42.7%
113,003Clearwater
42.3%
137,132Miramar
39.9%
66,702Kenner
31.5%
91,239Toms River
31%
64,634Gloucester Township
30.6%
65,275Goodyear
27.4%
63,131Taylor
24.6%
54,135Port Arthur
20.6%
73,790Pharr
20.2%
58,298Jupiter
19.4%
85,331Whittier
19%
76,616Bellflower
14.5%
55,544Diamond Bar
12.1%

You're not logged in!

Compare scores with friends on all Sporcle quizzes.
Sign Up with Email
OR
Log In

You Might Also Like...

Show Comments

Extras

Top Quizzes Today


Score Distribution

Your Account Isn't Verified!

In order to create a playlist on Sporcle, you need to verify the email address you used during registration. Go to your Sporcle Settings to finish the process.

Report this User

Report this user for behavior that violates our Community Guidelines.

Details: